00836namaa22001811 4500001000700000003000900007005001700016008004100033040002200074080001400096100004700110245009800157260005000255300002100305852018200326999001900508952012700527173784ES-MaACL20231228063256.0100119s1841 sp |||| | spa d aSpMaBN bspa cA2 a86-23"18"1 aGil y Zárate, Antonio,d1793-186195680410aMatilde, o a un tiempo dama y esposa b: drama en cuatro actos /cpor Antonio Gil y Zárate. aMadrid : b[s.n.], c1841 (fImp. Repullés) a80 p. ; c18 cm. aES-MaACLjF-8605(1) z.- Enc. pasta española q.- Falto de la cub. originalz.- Enc. en un vol. facticio formando parte de la col. facticia "Teatro español moderno", vol. 60 c173784d173784 001040708LIBXIXaATENEOMbATENEOMcSPP2d2010-01-19eSCl0oF-8605(1)p1182414r2023-02-23 00:00:00w2023-02-23yMONANT